[Event "Stay Safe Play From Home 345"]
[Site "Emanuel Lasker Arena"]
[Date "2020.07.30"]
[Round "2"]
[White "Haris kollari 13"]
[Black "Lazieri3"]
[Result "0-1"]
[WhiteElo "1894"]
[BlackElo "2054"]
[Annotator "NA"]
[PlyCount "158"]
[EventDate "2020.07.30"]
[EventType "swiss (blitz)"]

1. e4 {[%emt 0:00:01]} c6 {[%emt 0:00:00]} 2. f4 {[%emt 0:00:01]} d5 {[%emt 0:00:00]} 3. e5 {[%emt 0:00:00]} Bf5 {[%emt 0:00:01]} 4. Nf3 {[%emt 0:00:01]} e6 {[%emt 0:00:01]} 5. d4 {[%emt 0:00:01]} h6 {[%emt 0:00:00]} 6. c3 {[%emt 0:00:02]} c5 {[%emt 0:00:01]} 7. Be3 {[%emt 0:00:01]} Nc6 {[%emt 0:00:01]} 8. b3 {[%emt 0:00:02]} cxd4 {[%emt 0:00:01]} 9. cxd4 {[%emt 0:00:01]} Bb4+ {[%emt 0:00:01]} 10. Nbd2 {[%emt 0:00:01]} Bc3 {[%emt 0:00:07]} 11. Rc1 {[%emt 0:00:02]} Bb2 {[%emt 0:00:01]} 12. Rc5 {[%emt 0:00:02]} Qd7 {[%emt 0:00:13]} 13. Nb1 {[%emt 0:00:18]} b6 {[%emt 0:00:07]} 14. Rb5 {[%emt 0:00:01]} a6 {[%emt 0:00:43]} 15. Rxb6 {[%emt 0:00:01]} Qc7 {[%emt 0:00:01]} 16. Rxa6 {[%emt 0:00:02]} Rxa6 {[%emt 0:00:03]} 17. Bxa6 {[%emt 0:00:01]} Qa5+ {[%emt 0:00:02]} 18. Qd2 {[%emt 0:00:04]} Bxb1 {[%emt 0:00:09]} 19. O-O {[%emt 0:00:08]} Qxd2 {[%emt 0:00:06]} 20. Nxd2 {[%emt 0:00:09]} Be4 {[%emt 0:00:05]} 21. Bb5 {[%emt 0:00:05]} Kd7 {[%emt 0:00:01]} 22. Nxe4 {[%emt 0:00:03]} dxe4 {[%emt 0:00:00]} 23. a4 {[%emt 0:00:07]} Nge7 {[%emt 0:00:02]} 24. Rb1 {[%emt 0:00:01]} Ba3 {[%emt 0:00:05]} 25. Kf2 {[%emt 0:00:07]} Kc7 {[%emt 0:00:01]} 26. Ra1 {[%emt 0:00:03]} Bb4 {[%emt 0:00:02]} 27. Rc1 {[%emt 0:00:01]} Kb6 {[%emt 0:00:02]} 28. Rc4 {[%emt 0:00:02]} Kb7 {[%emt 0:00:07]} 29. Bc1 {[%emt 0:00:06]} Rd8 {[%emt 0:00:03]} 30. Ke3 {[%emt 0:00:02]} Nd5+ {[%emt 0:00:03]} 31. Kxe4 {[%emt 0:00:01]} Nc3+ {[%emt 0:00:02]} 32. Kd3 {[%emt 0:00:06]} Nd5 {[%emt 0:00:02]} 33. Ke4 {[%emt 0:00:01]} Na5 {[%emt 0:00:05]} 34. Bb2 {[%emt 0:00:22]} Nxc4 {[%emt 0:00:02]} 35. bxc4 {[%emt 0:00:01]} Nc3+ {[%emt 0:00:02]} 36. Kd3 {[%emt 0:00:02]} Nxb5 {[%emt 0:00:01]} 37. axb5 {[%emt 0:00:00]} Kb6 {[%emt 0:00:02]} 38. Kc2 {[%emt 0:00:01]} Be1 {[%emt 0:00:11]} 39. g4 {[%emt 0:00:02]} Bf2 {[%emt 0:00:01]} 40. Kd3 {[%emt 0:00:01]} Be1 {[%emt 0:00:03]} 41. Ke4 {[%emt 0:00:02]} Bb4 {[%emt 0:00:01]} 42. h4 {[%emt 0:00:02]} Ra8 {[%emt 0:00:01]} 43. f5 {[%emt 0:00:05]} Ra2 {[%emt 0:00:02]} 44. Bc1 {[%emt 0:00:01]} Rc2 {[%emt 0:00:02]} 45. Be3 {[%emt 0:00:03]} Rxc4 {[%emt 0:00:02]} 46. Kd3 {[%emt 0:00:01]} Kxb5 {[%emt 0:00:01]} 47. g5 {[%emt 0:00:03]} hxg5 {[%emt 0:00:01]} 48. hxg5 {[%emt 0:00:01]} exf5 {[%emt 0:00:01]} 49. d5 {[%emt 0:00:02]} g6 {[%emt 0:00:00]} 50. d6 {[%emt 0:00:05]} Rc3+ {[%emt 0:00:01]} 51. Ke2 {[%emt 0:00:03]} Rxe3+ {[%emt 0:00:01]} 52. Kxe3 {[%emt 0:00:01]} Kc6 {[%emt 0:00:00]} 53. Kd4 {[%emt 0:00:01]} Bd2 {[%emt 0:00:01]} 54. Kc4 {[%emt 0:00:01]} Bxg5 {[%emt 0:00:01]} 55. Kd4 {[%emt 0:00:00]} Bf4 {[%emt 0:00:01]} 56. Kc4 {[%emt 0:00:02]} Bxe5 {[%emt 0:00:01]} 57. d7 {[%emt 0:00:00]} Kxd7 {[%emt 0:00:01]} 58. Kd3 {[%emt 0:00:00]} f6 {[%emt 0:00:00]} 59. Kc4 {[%emt 0:00:01]} Ke6 {[%emt 0:00:00]} 60. Kc5 {[%emt 0:00:01]} f4 {[%emt 0:00:00]} 61. Kc4 {[%emt 0:00:00]} Kf5 {[%emt 0:00:00]} 62. Kd3 {[%emt 0:00:00]} f3 {[%emt 0:00:01]} 63. Ke3 {[%emt 0:00:01]} Kg4 {[%emt 0:00:00]} 64. Kf2 {[%emt 0:00:01]} Bd4+ {[%emt 0:00:01]} 65. Kf1 {[%emt 0:00:01]} Kg3 {[%emt 0:00:00]} 66. Ke1 {[%emt 0:00:01]} Kg2 {[%emt 0:00:00]} 67. Kd2 {[%emt 0:00:01]} f2 {[%emt 0:00:00]} 68. Kd3 {[%emt 0:00:00]} f1=Q+ {[%emt 0:00:00]} 69. Kxd4 {[%emt 0:00:00]} Qe1 {[%emt 0:00:01]} 70. Kd5 {[%emt 0:00:01]} f5 {[%emt 0:00:00]} 71. Kd4 {[%emt 0:00:01]} f4 {[%emt 0:00:00]} 72. Kd3 {[%emt 0:00:00]} f3 {[%emt 0:00:00]} 73. Kd4 {[%emt 0:00:00]} f2 {[%emt 0:00:00]} 74. Kd3 {[%emt 0:00:00]} f1=Q+ {[%emt 0:00:00]} 75. Kd4 {[%emt 0:00:00]} Qfe2 {[%emt 0:00:00]} 76. Kd5 {[%emt 0:00:01]} Q2d2+ {[%emt 0:00:00]} 77. Kc4 {[%emt 0:00:01]} Qec1+ {[%emt 0:00:00]} 78. Kb3 {[%emt 0:00:00]} Qdb2+ {[%emt 0:00:01]} 79. Ka4 {[%emt 0:00:01]} Qca1# {[%emt 0:00:00] (Lag: Av=0.64s, max=1.3s)} 0-1

[Event "Stay Safe Play From Home 345"]
[Site "Emanuel Lasker Arena"]
[Date "2020.07.30"]
[Round "2"]
[White "Kongle"]
[Black "Swolkenlosa"]
[Result "1-0"]
[WhiteElo "1809"]
[BlackElo "1510"]
[Annotator "NA"]
[PlyCount "95"]
[EventDate "2020.07.30"]
[EventType "swiss (blitz)"]

1. e4 {[%emt 0:00:02]} c5 {[%emt 0:00:02]} 2. Nf3 {[%emt 0:00:01]} Nc6 {[%emt 0:00:01]} 3. d4 {[%emt 0:00:02]} cxd4 {[%emt 0:00:05]} 4. Nxd4 {[%emt 0:00:01]} e5 {[%emt 0:00:01]} 5. Nxc6 {[%emt 0:00:02]} bxc6 {[%emt 0:00:01]} 6. c4 {[%emt 0:00:01]} d6 {[%emt 0:00:01]} 7. Nc3 {[%emt 0:00:02]} Be7 {[%emt 0:00:01]} 8. Be3 {[%emt 0:00:01]} Nf6 {[%emt 0:00:01]} 9. Be2 {[%emt 0:00:01]} O-O {[%emt 0:00:03]} 10. O-O {[%emt 0:00:00]} h6 {[%emt 0:00:03]} 11. h3 {[%emt 0:00:02]} Qa5 {[%emt 0:00:07]} 12. Qc2 {[%emt 0:00:02]} Be6 {[%emt 0:00:02]} 13. b3 {[%emt 0:00:01]} Rac8 {[%emt 0:00:07]} 14. a3 {[%emt 0:00:01]} Qc7 {[%emt 0:00:05]} 15. b4 {[%emt 0:00:02]} a5 {[%emt 0:00:03]} 16. b5 {[%emt 0:00:03]} cxb5 {[%emt 0:00:01]} 17. Nxb5 {[%emt 0:00:01]} Qc6 {[%emt 0:00:06]} 18. Na7 {[%emt 0:00:05]} Qxe4 {[%emt 0:00:05]} 19. Qxe4 {[%emt 0:00:03]} Nxe4 {[%emt 0:00:03]} 20. Nxc8 {[%emt 0:00:01]} Rxc8 {[%emt 0:00:03]} 21. Rac1 {[%emt 0:00:03]} a4 {[%emt 0:00:11]} 22. Rfd1 {[%emt 0:00:05]} Nc5 {[%emt 0:00:02]} 23. Bf3 {[%emt 0:00:18]} Nb3 {[%emt 0:00:03]} 24. Rc3 {[%emt 0:00:13]} Bxc4 {[%emt 0:00:05]} 25. Bb7 {[%emt 0:00:05]} Rc7 {[%emt 0:00:03]} 26. Bd5 {[%emt 0:00:02]} Na5 {[%emt 0:00:10]} 27. Bb6 {[%emt 0:00:06]} Bxd5 {[%emt 0:00:25]} 28. Rxc7 {[%emt 0:00:04]} Bd8 {[%emt 0:00:07]} 29. Rxd5 {[%emt 0:00:07]} Bxc7 {[%emt 0:00:01]} 30. Bxc7 {[%emt 0:00:02]} Nc4 {[%emt 0:00:04]} 31. Bxd6 {[%emt 0:00:05]} Nxd6 {[%emt 0:00:03]} 32. Rxd6 {[%emt 0:00:01]} f6 {[%emt 0:00:01]} 33. Ra6 {[%emt 0:00:02]} Kf7 {[%emt 0:00:00]} 34. Rxa4 {[%emt 0:00:01]} Ke6 {[%emt 0:00:01]} 35. Rb4 {[%emt 0:00:01]} g5 {[%emt 0:00:01]} 36. a4 {[%emt 0:00:01]} Kd5 {[%emt 0:00:01]} 37. a5 {[%emt 0:00:01]} Kc5 {[%emt 0:00:01]} 38. Rb1 {[%emt 0:00:01]} f5 {[%emt 0:00:02]} 39. a6 {[%emt 0:00:01]} e4 {[%emt 0:00:01]} 40. a7 {[%emt 0:00:01]} f4 {[%emt 0:00:01]} 41. a8=Q {[%emt 0:00:03]} e3 {[%emt 0:00:01]} 42. Qc8+ {[%emt 0:00:04]} Kd4 {[%emt 0:00:02]} 43. Rd1+ {[%emt 0:00:01]} Ke4 {[%emt 0:00:04]} 44. f3+ {[%emt 0:00:01]} Ke5 {[%emt 0:00:06]} 45. Qe8+ {[%emt 0:00:03]} Kf6 {[%emt 0:00:01]} 46. Rd6+ {[%emt 0:00:02]} Kg7 {[%emt 0:00:02]} 47. Qe7+ {[%emt 0:00:04]} Kg8 {[%emt 0:00:02]} 48. Rd8# {[%emt 0:00:01] (Lag: Av=0.44s, max=0.7s) Mate} 1-0

[Event "Stay Safe Play From Home 345"]
[Site "Emanuel Lasker Arena"]
[Date "2020.07.30"]
[Round "2"]
[White "Timbre"]
[Black "Padmaesh M K"]
[Result "0-1"]
[WhiteElo "1622"]
[BlackElo "1705"]
[Annotator "NA"]
[PlyCount "56"]
[EventDate "2020.07.30"]
[EventType "swiss (blitz)"]

1. d4 {[%emt 0:00:18]} Nf6 {[%emt 0:00:05]} 2. Nf3 {[%emt 0:00:01]} d5 {[%emt 0:00:01]} 3. c3 {[%emt 0:00:01]} Bf5 {[%emt 0:00:01]} 4. Bf4 {[%emt 0:00:01]} e6 {[%emt 0:00:01]} 5. e3 {[%emt 0:00:01]} Bd6 {[%emt 0:00:01]} 6. Bg3 {[%emt 0:00:02]} Ne4 {[%emt 0:00:02]} 7. Bd3 {[%emt 0:00:03]} O-O {[%emt 0:00:02]} 8. Qc2 {[%emt 0:00:01]} c5 {[%emt 0:00:04]} 9. Bxe4 {[%emt 0:00:05]} Bxe4 {[%emt 0:00:02]} 10. Qe2 {[%emt 0:00:02]} cxd4 {[%emt 0:00:01]} 11. exd4 {[%emt 0:00:02]} Nc6 {[%emt 0:00:02]} 12. O-O {[%emt 0:00:02]} Re8 {[%emt 0:00:15]} 13. Nbd2 {[%emt 0:00:04]} e5 {[%emt 0:00:07]} 14. dxe5 {[%emt 0:00:03]} Nxe5 {[%emt 0:00:04]} 15. Nxe5 {[%emt 0:00:03]} Bxe5 {[%emt 0:00:01]} 16. Nxe4 {[%emt 0:00:03]} dxe4 {[%emt 0:00:06]} 17. Rad1 {[%emt 0:00:08]} Qb6 {[%emt 0:00:04]} 18. Qc2 {[%emt 0:00:02]} e3 {[%emt 0:00:03]} 19. fxe3 {[%emt 0:00:03]} Bxg3 {[%emt 0:00:04]} 20. hxg3 {[%emt 0:00:04]} Rxe3 {[%emt 0:00:02]} 21. Kh2 {[%emt 0:00:05]} Re6 {[%emt 0:00:04]} 22. g4 {[%emt 0:00:06]} Rh6+ {[%emt 0:00:09]} 23. Kg3 {[%emt 0:00:03]} Qc7+ {[%emt 0:00:01]} 24. Kf2 {[%emt 0:00:09]} Qf4+ {[%emt 0:00:04]} 25. Kg1 {[%emt 0:00:05]} Qh2+ {[%emt 0:00:01]} 26. Kf2 {[%emt 0:00:02]} Rf6+ {[%emt 0:00:01]} 27. Ke2 {[%emt 0:00:01]} Qxg2+ {[%emt 0:00:02]} 28. Kd3 {[%emt 0:00:01]} Rd6+ {[%emt 0:00:02] Timbre resigns (Lag: Av=0.35s, max=0.7s)} 0-1

[Event "Stay Safe Play From Home 345"]
[Site "Emanuel Lasker Arena"]
[Date "2020.07.30"]
[Round "3"]
[White "Lazieri3"]
[Black "Weltszmerc"]
[Result "0-1"]
[WhiteElo "2063"]
[BlackElo "2011"]
[PlyCount "106"]
[EventDate "2020.07.30"]
[EventType "swiss (blitz)"]

1. e4 {[%emt 0:00:01]} Nf6 {[%emt 0:00:00] Lazieri3 offers a draw} 2. Nc3 {[%emt 0:00:04]} d5 {[%emt 0:00:01]} 3. exd5 {[%emt 0:00:01]} Nxd5 {[%emt 0:00:00]} 4. Nxd5 {[%emt 0:00:00]} Qxd5 {[%emt 0:00:01]} 5. Qf3 {[%emt 0:00:00]} c6 {[%emt 0:00:00]} 6. Qxd5 {[%emt 0:00:01]} cxd5 {[%emt 0:00:00]} 7. d4 {[%emt 0:00:01]} Nc6 {[%emt 0:00:00]} 8. c3 {[%emt 0:00:01]} Bf5 {[%emt 0:00:00]} 9. Bf4 {[%emt 0:00:01]} e6 {[%emt 0:00:01]} 10. Kd2 {[%emt 0:00:01]} Be7 {[%emt 0:00:01]} 11. Bd3 {[%emt 0:00:01]} Bxd3 {[%emt 0:00:01]} 12. Kxd3 {[%emt 0:00:00]} O-O {[%emt 0:00:01]} 13. Nf3 {[%emt 0:00:00]} Rac8 {[%emt 0:00:00]} 14. Ne5 {[%emt 0:00:01]} f6 {[%emt 0:00:03]} 15. Nxc6 {[%emt 0:00:04]} Rxc6 {[%emt 0:00:00]} 16. Rhe1 {[%emt 0:00:02]} Rfc8 {[%emt 0:00:00]} 17. Re2 {[%emt 0:00:02]} Kf7 {[%emt 0:00:01]} 18. Rae1 {[%emt 0:00:01]} b5 {[%emt 0:00:01]} 19. a3 {[%emt 0:00:03]} a5 {[%emt 0:00:01]} 20. Bd2 {[%emt 0:00:02]} Bf8 {[%emt 0:00:01]} 21. f4 {[%emt 0:00:01]} Re8 {[%emt 0:00:02]} 22. g3 {[%emt 0:00:02]} g6 {[%emt 0:00:02]} 23. Rc1 {[%emt 0:00:03]} Rec8 {[%emt 0:00:06]} 24. Be3 {[%emt 0:00:01]} b4 {[%emt 0:00:04]} 25. axb4 {[%emt 0:00:00]} axb4 {[%emt 0:00:01]} 26. Rec2 {[%emt 0:00:03]} b3 {[%emt 0:00:00]} 27. Re2 {[%emt 0:00:01]} Ra8 {[%emt 0:00:17]} 28. c4 {[%emt 0:00:06]} Rac8 {[%emt 0:00:04]} 29. c5 {[%emt 0:00:02]} e5 {[%emt 0:00:16]} 30. fxe5 {[%emt 0:00:01]} fxe5 {[%emt 0:00:00]} 31. dxe5 {[%emt 0:00:01]} Bxc5 {[%emt 0:00:02]} 32. Bxc5 {[%emt 0:00:09]} Rxc5 {[%emt 0:00:01]} 33. Rxc5 {[%emt 0:00:00]} Rxc5 {[%emt 0:00:01]} 34. Kd4 {[%emt 0:00:54]} Rc2 {[%emt 0:00:01]} 35. Kd3 {[%emt 0:00:12]} Rxe2 {[%emt 0:00:02]} 36. Kxe2 {[%emt 0:00:01]} Ke6 {[%emt 0:00:01]} 37. Kd3 {[%emt 0:00:00]} Kxe5 {[%emt 0:00:00]} 38. Kc3 {[%emt 0:00:00]} Ke4 {[%emt 0:00:01]} 39. Kxb3 {[%emt 0:00:00]} Ke3 {[%emt 0:00:02]} 40. Kc2 {[%emt 0:00:04]} Ke2 {[%emt 0:00:01]} 41. Kc3 {[%emt 0:00:01]} Ke3 {[%emt 0:00:01]} 42. Kc2 {[%emt 0:00:06]} d4 {[%emt 0:00:01]} 43. Kd1 {[%emt 0:00:04]} Kd3 {[%emt 0:00:01]} 44. h3 {[%emt 0:00:24]} h6 {[%emt 0:00:01]} 45. g4 {[%emt 0:00:01]} g5 {[%emt 0:00:01]} 46. b4 {[%emt 0:00:11]} Kc4 {[%emt 0:00:01]} 47. Kc2 {[%emt 0:00:01]} Kxb4 {[%emt 0:00:01]} 48. Kd3 {[%emt 0:00:00]} Kc5 {[%emt 0:00:01]} 49. Kd2 {[%emt 0:00:01]} Kc4 {[%emt 0:00:01]} 50. Kc2 {[%emt 0:00:00]} d3+ {[%emt 0:00:00]} 51. Kd2 {[%emt 0:00:00]} Kd4 {[%emt 0:00:00]} 52. Kd1 {[%emt 0:00:02]} Ke3 {[%emt 0:00:00]} 53. h4 {[%emt 0:00:01]} gxh4 {[%emt 0:00:01] Time (Lag: Av=0.76s, max=1.4s)} 0-1

[Event "Stay Safe Play From Home 345"]
[Site "Emanuel Lasker Arena"]
[Date "2020.07.30"]
[Round "3"]
[White "Haris kollari 13"]
[Black "Kongle"]
[Result "0-1"]
[WhiteElo "1884"]
[BlackElo "1814"]
[Annotator "NA"]
[PlyCount "78"]
[EventDate "2020.07.30"]
[EventType "swiss (blitz)"]

1. e4 {[%emt 0:00:01]} d5 {[%emt 0:00:02]} 2. exd5 {[%emt 0:00:01]} Qxd5 {[%emt 0:00:01]} 3. Nc3 {[%emt 0:00:01]} Qd6 {[%emt 0:00:01]} 4. Bc4 {[%emt 0:00:01]} Nf6 {[%emt 0:00:07]} 5. Nf3 {[%emt 0:00:02]} Bg4 {[%emt 0:00:02]} 6. O-O {[%emt 0:00:01]} c6 {[%emt 0:00:06]} 7. Re1 {[%emt 0:00:01]} e6 {[%emt 0:00:02]} 8. d3 {[%emt 0:00:02]} Be7 {[%emt 0:00:05]} 9. Bg5 {[%emt 0:00:03]} O-O {[%emt 0:00:03]} 10. Bh4 {[%emt 0:00:04]} Nbd7 {[%emt 0:00:02]} 11. Bg3 {[%emt 0:00:01]} Qc5 {[%emt 0:00:12]} 12. Bb3 {[%emt 0:00:02]} b6 {[%emt 0:00:05]} 13. d4 {[%emt 0:00:12]} Qf5 {[%emt 0:00:13]} 14. Re3 {[%emt 0:00:13]} Rfe8 {[%emt 0:00:07]} 15. h3 {[%emt 0:00:01]} Bh5 {[%emt 0:00:05]} 16. Qd2 {[%emt 0:00:01]} Nd5 {[%emt 0:00:10]} 17. Nxd5 {[%emt 0:00:05]} exd5 {[%emt 0:00:07]} 18. c3 {[%emt 0:00:02]} Bxf3 {[%emt 0:00:07]} 19. Rxf3 {[%emt 0:00:02]} Qh5 {[%emt 0:00:05]} 20. Re1 {[%emt 0:00:03]} Bg5 {[%emt 0:00:05]} 21. Rxe8+ {[%emt 0:00:23]} Rxe8 {[%emt 0:00:02]} 22. Qd1 {[%emt 0:00:04]} Nf6 {[%emt 0:00:11]} 23. Bc2 {[%emt 0:00:02]} Ne4 {[%emt 0:00:03]} 24. Bf4 {[%emt 0:00:11]} Qh6 {[%emt 0:00:08]} 25. Bxg5 {[%emt 0:00:01]} Qxg5 {[%emt 0:00:05]} 26. Re3 {[%emt 0:00:01]} f5 {[%emt 0:00:02]} 27. Qe1 {[%emt 0:00:08]} f4 {[%emt 0:00:07]} 28. Re2 {[%emt 0:00:03]} f3 {[%emt 0:00:04]} 29. g3 {[%emt 0:00:10]} fxe2 {[%emt 0:00:02]} 30. Qxe2 {[%emt 0:00:00]} Qf5 {[%emt 0:00:04]} 31. f3 {[%emt 0:00:06]} Qxh3 {[%emt 0:00:06]} 32. fxe4 {[%emt 0:00:02]} Qxg3+ {[%emt 0:00:01]} 33. Qg2 {[%emt 0:00:12]} Qe3+ {[%emt 0:00:01]} 34. Kh2 {[%emt 0:00:10]} Re6 {[%emt 0:00:01]} 35. Qg4 {[%emt 0:00:19]} Rh6+ {[%emt 0:00:01]} 36. Kg2 {[%emt 0:00:03]} Qd2+ {[%emt 0:00:02]} 37. Kf3 {[%emt 0:00:03]} Rf6+ {[%emt 0:00:02]} 38. Kg3 {[%emt 0:00:01]} Qe3+ {[%emt 0:00:02]} 39. Kh2 {[%emt 0:00:02]} Rh6+ {[%emt 0:00:01] Time (Lag: Av=0.71s, max=1.9s)} 0-1

[Event "Stay Safe Play From Home 345"]
[Site "Emanuel Lasker Arena"]
[Date "2020.07.30"]
[Round "3"]
[White "Dukic"]
[Black "Buzaglo"]
[Result "1-0"]
[WhiteElo "1779"]
[BlackElo "1778"]
[Annotator "NA"]
[PlyCount "119"]
[EventDate "2020.07.30"]
[EventType "swiss (blitz)"]

1. d4 {[%emt 0:00:05]} d5 {[%emt 0:00:01]} 2. c4 {[%emt 0:00:01]} e6 {[%emt 0:00:01]} 3. Nc3 {[%emt 0:00:01]} Nf6 {[%emt 0:00:01]} 4. Nf3 {[%emt 0:00:01]} Bb4 {[%emt 0:00:02]} 5. Qb3 {[%emt 0:00:02]} Bxc3+ {[%emt 0:00:05]} 6. bxc3 {[%emt 0:00:01]} O-O {[%emt 0:00:00]} 7. Bg5 {[%emt 0:00:02]} Nbd7 {[%emt 0:00:01]} 8. e3 {[%emt 0:00:03]} h6 {[%emt 0:00:02]} 9. Bh4 {[%emt 0:00:02]} c6 {[%emt 0:00:01]} 10. a4 {[%emt 0:00:03]} Qb6 {[%emt 0:00:03]} 11. Qc2 {[%emt 0:00:02]} Qa5 {[%emt 0:00:04]} 12. Bd3 {[%emt 0:00:03]} dxc4 {[%emt 0:00:01]} 13. Bxc4 {[%emt 0:00:02]} b5 {[%emt 0:00:02]} 14. Bd3 {[%emt 0:00:05]} b4 {[%emt 0:00:08]} 15. c4 {[%emt 0:00:10]} b3+ {[%emt 0:00:04]} 16. Qd2 {[%emt 0:00:01]} Qxd2+ {[%emt 0:00:30]} 17. Nxd2 {[%emt 0:00:01]} Rb8 {[%emt 0:00:02]} 18. Rb1 {[%emt 0:00:02]} b2 {[%emt 0:00:00]} 19. Ke2 {[%emt 0:00:11]} e5 {[%emt 0:00:01]} 20. c5 {[%emt 0:00:15]} exd4 {[%emt 0:00:03]} 21. exd4 {[%emt 0:00:02]} Nd5 {[%emt 0:00:02]} 22. Bg3 {[%emt 0:00:07]} Nc3+ {[%emt 0:00:01]} 23. Kf3 {[%emt 0:00:03]} Nxb1 {[%emt 0:00:06]} 24. Rxb1 {[%emt 0:00:05]} Rb3 {[%emt 0:00:01]} 25. Nxb3 {[%emt 0:00:03]} Nf6 {[%emt 0:00:03]} 26. Rxb2 {[%emt 0:00:03]} Bg4+ {[%emt 0:00:03]} 27. Ke3 {[%emt 0:00:02]} Re8+ {[%emt 0:00:01]} 28. Kd2 {[%emt 0:00:01]} Nd5 {[%emt 0:00:01]} 29. f3 {[%emt 0:00:04]} Be6 {[%emt 0:00:03]} 30. Be4 {[%emt 0:00:05]} Nb4 {[%emt 0:00:01]} 31. Bd6 {[%emt 0:00:04]} Bd5 {[%emt 0:00:02]} 32. Kc3 {[%emt 0:00:02]} Bxe4 {[%emt 0:00:12]} 33. fxe4 {[%emt 0:00:02]} Na6 {[%emt 0:00:02]} 34. e5 {[%emt 0:00:03]} f6 {[%emt 0:00:02]} 35. Na5 {[%emt 0:00:01]} fxe5 {[%emt 0:00:03]} 36. dxe5 {[%emt 0:00:01]} Kh7 {[%emt 0:00:03]} 37. Rb7 {[%emt 0:00:02]} Kg6 {[%emt 0:00:07]} 38. Nxc6 {[%emt 0:00:02]} Kf5 {[%emt 0:00:03]} 39. Nd4+ {[%emt 0:00:02]} Ke4 {[%emt 0:00:01]} 40. c6 {[%emt 0:00:02]} Kd5 {[%emt 0:00:03]} 41. c7 {[%emt 0:00:02]} g5 {[%emt 0:00:08]} 42. Rxa7 {[%emt 0:00:02]} Nc5 {[%emt 0:00:03]} 43. Bxc5 {[%emt 0:00:04]} Kxc5 {[%emt 0:00:00]} 44. Nb5 {[%emt 0:00:01]} Kb6 {[%emt 0:00:02]} 45. Kc4 {[%emt 0:00:05]} h5 {[%emt 0:00:04]} 46. a5+ {[%emt 0:00:01]} Kc6 {[%emt 0:00:02]} 47. Nd6 {[%emt 0:00:01]} Rf8 {[%emt 0:00:07]} 48. c8=Q+ {[%emt 0:00:01]} Rxc8 {[%emt 0:00:01]} 49. Nxc8 {[%emt 0:00:01]} g4 {[%emt 0:00:01]} 50. Rh7 {[%emt 0:00:02]} g3 {[%emt 0:00:00]} 51. hxg3 {[%emt 0:00:01]} h4 {[%emt 0:00:01]} 52. Rh6+ {[%emt 0:00:02]} Kd7 {[%emt 0:00:02]} 53. gxh4 {[%emt 0:00:00]} Ke8 {[%emt 0:00:02]} 54. Kd5 {[%emt 0:00:00]} Kd7 {[%emt 0:00:01]} 55. e6+ {[%emt 0:00:01]} Kc7 {[%emt 0:00:01]} 56. Rh7+ {[%emt 0:00:02]} Kxc8 {[%emt 0:00:01]} 57. Kc6 {[%emt 0:00:01]} Kd8 {[%emt 0:00:00]} 58. a6 {[%emt 0:00:01]} Ke8 {[%emt 0:00:00]} 59. a7 {[%emt 0:00:01]} Kf8 {[%emt 0:00:00]} 60. a8=Q# {[%emt 0:00:01] (Lag: Av=0.48s, max=0.8s)} 1-0

[Event "Stay Safe Play From Home 345"]
[Site "Emanuel Lasker Arena"]
[Date "2020.07.30"]
[Round "3"]
[White "Padmaesh M K"]
[Black "Greblha"]
[Result "0-1"]
[WhiteElo "1718"]
[BlackElo "1951"]
[PlyCount "130"]
[EventDate "2020.07.30"]
[EventType "swiss (blitz)"]

1. d4 {[%emt 0:00:02]} c6 {[%emt 0:00:00]} 2. c4 {[%emt 0:00:02]} d5 {[%emt 0:00:00]} 3. cxd5 {[%emt 0:00:00]} cxd5 {[%emt 0:00:01]} 4. Nf3 {[%emt 0:00:01]} Nf6 {[%emt 0:00:01]} 5. Nc3 {[%emt 0:00:01]} Nc6 {[%emt 0:00:01]} 6. Bf4 {[%emt 0:00:01]} e6 {[%emt 0:00:01]} 7. Ne5 {[%emt 0:00:05]} Nxe5 {[%emt 0:00:02]} 8. dxe5 {[%emt 0:00:01]} Nd7 {[%emt 0:00:03]} 9. e4 {[%emt 0:00:02]} dxe4 {[%emt 0:00:09]} 10. Bb5 {[%emt 0:00:14]} Bb4 {[%emt 0:00:05]} 11. O-O {[%emt 0:00:22]} Bxc3 {[%emt 0:00:03]} 12. bxc3 {[%emt 0:00:00]} a6 {[%emt 0:00:01]} 13. Ba4 {[%emt 0:00:02]} b5 {[%emt 0:00:01]} 14. Bc2 {[%emt 0:00:01]} Bb7 {[%emt 0:00:01]} 15. Qd6 {[%emt 0:00:17]} Qb6 {[%emt 0:00:16]} 16. Rad1 {[%emt 0:00:07]} Bd5 {[%emt 0:00:07]} 17. Rfe1 {[%emt 0:00:15]} f5 {[%emt 0:00:17]} 18. exf6 {[%emt 0:00:11]} Qxd6 {[%emt 0:00:01]} 19. Bxd6 {[%emt 0:00:02]} Nxf6 {[%emt 0:00:01]} 20. Be5 {[%emt 0:00:03]} O-O {[%emt 0:00:09]} 21. Bxf6 {[%emt 0:00:02]} Rxf6 {[%emt 0:00:01]} 22. Bxe4 {[%emt 0:00:01]} Bxe4 {[%emt 0:00:08]} 23. Rxe4 {[%emt 0:00:00]} Rc8 {[%emt 0:00:01]} 24. Re3 {[%emt 0:00:02]} Rc4 {[%emt 0:00:04]} 25. Rde1 {[%emt 0:00:03]} Kf7 {[%emt 0:00:01]} 26. g3 {[%emt 0:00:02]} Rc6 {[%emt 0:00:04]} 27. f4 {[%emt 0:00:03]} Rf5 {[%emt 0:00:01]} 28. Kf2 {[%emt 0:00:05]} Rfc5 {[%emt 0:00:01]} 29. Rc1 {[%emt 0:00:01]} b4 {[%emt 0:00:01]} 30. c4 {[%emt 0:00:09]} Rxc4 {[%emt 0:00:01]} 31. Rce1 {[%emt 0:00:02]} Rc2+ {[%emt 0:00:02]} 32. R1e2 {[%emt 0:00:01]} Rxe2+ {[%emt 0:00:01]} 33. Rxe2 {[%emt 0:00:00]} a5 {[%emt 0:00:01]} 34. Ke3 {[%emt 0:00:02]} Rc3+ {[%emt 0:00:02]} 35. Kd4 {[%emt 0:00:02]} Kf6 {[%emt 0:00:01]} 36. Rd2 {[%emt 0:00:04]} Rc8 {[%emt 0:00:06]} 37. Re2 {[%emt 0:00:01]} a4 {[%emt 0:00:03]} 38. Kd3 {[%emt 0:00:05]} b3 {[%emt 0:00:04]} 39. axb3 {[%emt 0:00:01]} axb3 {[%emt 0:00:01]} 40. Rb2 {[%emt 0:00:01]} Rb8 {[%emt 0:00:03]} 41. Kd4 {[%emt 0:00:02]} Kf5 {[%emt 0:00:02]} 42. Ke3 {[%emt 0:00:01]} g5 {[%emt 0:00:02]} 43. fxg5 {[%emt 0:00:02]} Kxg5 {[%emt 0:00:01]} 44. Ke4 {[%emt 0:00:01]} Rb5 {[%emt 0:00:01]} 45. h3 {[%emt 0:00:02]} h5 {[%emt 0:00:02]} 46. Kf3 {[%emt 0:00:01]} Rb4 {[%emt 0:00:05]} 47. h4+ {[%emt 0:00:01]} Kf5 {[%emt 0:00:01]} 48. Ke3 {[%emt 0:00:01]} e5 {[%emt 0:00:01]} 49. Kf3 {[%emt 0:00:01]} e4+ {[%emt 0:00:02]} 50. Kf2 {[%emt 0:00:01]} Kg4 {[%emt 0:00:01]} 51. Kg2 {[%emt 0:00:01]} e3 {[%emt 0:00:01]} 52. Kf1 {[%emt 0:00:01]} Kxg3 {[%emt 0:00:01]} 53. Ke2 {[%emt 0:00:00]} Kf4 {[%emt 0:00:02]} 54. Kd3 {[%emt 0:00:01]} Kf3 {[%emt 0:00:02]} 55. Re2 {[%emt 0:00:01]} b2 {[%emt 0:00:01]} 56. Rxe3+ {[%emt 0:00:01]} Kf4 {[%emt 0:00:01]} 57. Re1 {[%emt 0:00:02]} b1=Q+ {[%emt 0:00:01]} 58. Rxb1 {[%emt 0:00:01]} Rxb1 {[%emt 0:00:01]} 59. Ke2 {[%emt 0:00:00]} Rh1 {[%emt 0:00:01]} 60. Kf2 {[%emt 0:00:00]} Rxh4 {[%emt 0:00:00]} 61. Kg2 {[%emt 0:00:00]} Rg4+ {[%emt 0:00:01]} 62. Kh3 {[%emt 0:00:00]} Kf3 {[%emt 0:00:02]} 63. Kh2 {[%emt 0:00:00]} Kf2 {[%emt 0:00:03]} 64. Kh3 {[%emt 0:00:00]} Rb4 {[%emt 0:00:02]} 65. Kh2 {[%emt 0:00:01]} Rh4# {[%emt 0:00:01] (Lag: Av=0.47s, max=1.0s)} 0-1